Los usos sociales de la ciencia
La preocupación central es la aplicación social de la ciencia, sobre lo que el autor apunta hacia una sociología de la producción científica, pone de ejemplo el campo clínico. Se describen las propiedades específicas de los “campos científicos”, los cuales son entendidos como microcosmos relativame...
Uloženo v:
| Hlavní autor: | |
|---|---|
| Médium: | Kniha |
| Jazyk: | Undetermined |
| Vydáno: |
Buenos Aires, Argentina
Ediciones Nueva Visión
2003
|
| Témata: | |
| Tagy: |
Přidat tag
Žádné tagy, Buďte první, kdo vytvoří štítek k tomuto záznamu!
|
MARC
| LEADER | 00000nam a2200000Ia 4500 | ||
|---|---|---|---|
| 008 | 170316s9999 xx 000 0 und d | ||
| 040 | |a cru BVZT | ||
| 090 | |a 100 B-54.1u | ||
| 100 | |a Bourdieu, Pierre |9 1447 | ||
| 245 | |a Los usos sociales de la ciencia | ||
| 260 | |a Buenos Aires, Argentina | ||
| 260 | |b Ediciones Nueva Visión | ||
| 260 | |c 2003 | ||
| 300 | |a 142 páginas | ||
| 520 | |a La preocupación central es la aplicación social de la ciencia, sobre lo que el autor apunta hacia una sociología de la producción científica, pone de ejemplo el campo clínico. Se describen las propiedades específicas de los “campos científicos”, los cuales son entendidos como microcosmos relativamente independientes e implican un enfrentamiento entre dos formas de poder correspondientes a dos especies de "capital científico": el “social”, entendido como la ocupación de posiciones eminentes en las instituciones científicas; y el “específico”, basado en el reconocimiento de los pares. | ||
| 650 | |a FILOSOFÍA |9 5 | ||
| 650 | |a CIENCIA |9 231 | ||
| 650 | |a SOCIOLOGÍA |9 1478 | ||
| 650 | |a LOS DOXOSOFOS |9 1479 | ||
| 650 | |a EL INRA |9 1480 | ||
| 650 | |a CAMPO CIENTÍFICO |9 1481 | ||
| 999 | |c 15765 |d 15765 | ||
| 942 | |c 15 D |h 100 B-54.1u |2 z | ||
